Completa il Proverbio - Quiz n°9 - Statistics

Statistiche generali
  • Questo quiz è stato fatto 262 volte
  • Il punteggio medio è 9 su 15
Statistiche sulle risposte
Proverbio Parola mancante % Corretto
Tra il dire e il fare c'è di mezzo il ____ Mare
92%
Anno nuovo ___ nuova Vita
88%
Chi nasce tondo non può morir ________ Quadrato
86%
Il _____ è denaro Tempo
83%
Impara l'____ e mettila da parte Arte
78%
Chi non _____ si rivede Muore
76%
La gatta frettolosa fece i gattini _____ Ciechi
68%
La fortuna aiuta gli ______ Audaci
67%
Non bisogna mai usare due pesi e due ______ Misure
67%
La lingua batte dove il ____ duole Dente
61%
Aprile dolce _______ Dormire
55%
La ____ è la virtù dei forti Calma
36%
Meglio un _____ in casa che un pisano all'uscio Morto
27%
Ognun per sé e __ per tutti Dio
25%
Settembre, l'uva è fatta e il ___ pende Fico
8%
Nessun quiz corrispondente trovato
Distribuzione punteggi
Percentuale di utenti per punteggio
Percentile per numero di risposta
I tuoi punteggi nel tempo
Non hai fatto questo quiz